The German bourgeoisie : essays on the social history of the German middle class from the late eighteenth to the early twentieth century

Αποθηκεύτηκε σε:
Λεπτομέρειες βιβλιογραφικής εγγραφής
Άλλοι συγγραφείς: Blackbourn, David 1949- (Επιμελητής έκδοσης), Evans, Richard J. (Επιμελητής έκδοσης)
Μορφή: Βιβλίο
Γλώσσα:English
Δημοσίευση: London : Routledge, 1993
Θέματα:
Ετικέτες: Προσθήκη ετικέτας
Δεν υπάρχουν, Καταχωρήστε ετικέτα πρώτοι!

MARC

LEADER 00000nam a2200000 i 4500
001 1/3980
008 960502s1993 eng d
020 |a 0-415-09358-9 
035 |l 10015414 
040 |a GR-MY-UA  |b gre  |e aacr 
041 0 |a eng 
082 0 |a 305.550943 
245 1 4 |a The German bourgeoisie :  |b essays on the social history of the German middle class from the late eighteenth to the early twentieth century /  |c Edited by David Blackbourn and Richard J. Evans 
260 |a London :   |b Routledge,   |c 1993 
300 |a 348 p. 
504 |a Includes index 
650 0 0 |a Middle class  |z Germany  |x History  |y 19th century. 
650 0 0 |a Middle class  |z Germany  |x History  |y 20th century. 
700 1 |a Blackbourn, David  |d 1949-  |4 edt 
700 1 |a Evans, Richard J.  |4 edt 
852 |a INST  |b LESVOS  |e 19960502  |h 305.550943 GER  |p 005100010403  |q 005100010403  |t BK  |y 0 
909 |a Λ  |b 044939